000 00728nas a2200265 4500
001 BR2013002011
003 BR-BrBNA
005 20231205122036.0
007 ta
008 230509b bl.|||p| |||| 00| 00por d
040 _aBR-BrBNA
_bpor
_cBiblioteca Nacional de Agricultura
041 _a(Pt)
072 _aL01
100 1 _aPinto, A.T.
100 1 _aGreve, A.G.
245 1 _aAbate de emas no Rio Grande do Sul - Brasil
650 _aEMA
650 _aRHEA AMERICANA
650 _aCRIAÇÃO
650 _aABATE
650 _aCARNE
773 0 _tA Hora Veterinária (Brazil)
_xISSN 0101-9163
_g(May-Jun 2000), v.20(115) p. 38-40
_wBR2013002011
909 _a202311
_bLúcia
_c55
_dLúcia Elande
942 _2AGRIS
_n0
_cANA
999 _c226610
_d226610